Paesi del mondo con più detenuti - Statistics

Statistiche generali
  • Questo quiz è stato fatto 69 volte
  • Il punteggio medio è 10 su 18
Statistiche sulle risposte
Tasso di Incarcerazione Continente Paesi % Corretto
531 America del Nord Stati Uniti
88%
390 America del Sud Brasile
86%
794 America Centrale Cuba
84%
300 Europa/Asia Russia
83%
366 Asia/Europa Turchia
76%
1.086 America Centrale El Salvador
74%
499 America Centrale Panama
74%
269 Africa Libia
62%
270 Africa Marocco
60%
424 America del Sud Uruguay
59%
271 America del Sud Guyana
48%
266 Asia Indonesia
48%
377 Asia Thailandia
34%
416 Oceania Tonga
34%
428 Oceania Palau
29%
637 Africa Ruanda
19%
576 Asia Turkmenistan
9%
366 Africa Capo Verde
3%
Nessun quiz corrispondente trovato
Distribuzione punteggi
Percentuale di utenti per punteggio
Percentile per numero di risposta
I tuoi punteggi nel tempo
Non hai fatto questo quiz